eGovernment a elektronické veřejné služby
Pojem eGovernment - elektronická vláda. Hlavné body iniciatívy eEurope. Bruselský akčný plán - súčasný stav elektronických verejných služieb. Zoznam sledovaných elektronických verejných služieb pre občanov a podniky.
Salvato in:
| Autore principale: | |
|---|---|
| Natura: | Capitolo di libro |
| Lingua: | ceco |
| Soggetti: | |
| Tags: |
Nessun Tag, puoi essere il primo ad aggiungerne!!
|
MARC
| LEADER | 00000naa a2200000 4500 | ||
|---|---|---|---|
| 001 | r044691 | ||
| 005 | 20230913090328.2 | ||
| 041 | 0 | |a cze | |
| 044 | |a CZ | ||
| 245 | 1 | 0 | |a eGovernment a elektronické veřejné služby |c Jitka Krčilová |
| 520 | |a Pojem eGovernment - elektronická vláda. Hlavné body iniciatívy eEurope. Bruselský akčný plán - súčasný stav elektronických verejných služieb. Zoznam sledovaných elektronických verejných služieb pre občanov a podniky. | ||
| 610 | 2 | 0 | |a správa verejná |
| 610 | 2 | 0 | |a služby verejné |
| 610 | 2 | 0 | |a elektronizácia |
| 610 | 2 | 0 | |a občania |
| 610 | 2 | 0 | |a podnik |
| 610 | 2 | 0 | |a technológie informačné |
| 610 | 2 | 0 | |a technológie komunikačné |
| 610 | 2 | 0 | |a Európa |
| 610 | 2 | 0 | |a internet |
| 100 | 1 | |a Krčilová, Jitka | |